Odvíjanie času (Record no. 22819)
[ view plain ]
| 000 -LEADER | |
|---|---|
| fixed length control field | 01218cam a2200397 a 4500 |
| 001 - CONTROL NUMBER | |
| control field | 22819 |
| 003 - CONTROL NUMBER IDENTIFIER | |
| control field | SK-KTurca |
| 005 - DATE AND TIME OF LATEST TRANSACTION | |
| control field | 20260428160317.0 |
| 008 - FIXED-LENGTH DATA ELEMENTS--GENERAL INFORMATION | |
| fixed length control field | 230501s1972 xo gr 000 p slo |
| 015 ## - NATIONAL BIBLIOGRAPHY NUMBER | |
| National bibliography number | SNBA1972/08-02067 |
| 020 ## - INTERNATIONAL STANDARD BOOK NUMBER | |
| Qualifying information | (viazané) |
| 035 ## - SYSTEM CONTROL NUMBER | |
| System control number | SK01SNK19720034955 |
| 035 ## - SYSTEM CONTROL NUMBER | |
| System control number | 58ED8304-9A0E-49D6-B307-B3F468FFCA2C |
| 035 ## - SYSTEM CONTROL NUMBER | |
| System control number | urn:nbn:sk:snk-am00id6n |
| 035 ## - SYSTEM CONTROL NUMBER | |
| System control number | SKM000037418 |
| 040 ## - CATALOGING SOURCE | |
| Original cataloging agency | SNK |
| Language of cataloging | slo |
| Transcribing agency | SNK |
| Description conventions | AACR2 |
| 041 0# - LANGUAGE CODE | |
| Language code of text/sound track or separate title | slo |
| 044 ## - COUNTRY OF PUBLISHING/PRODUCING ENTITY CODE | |
| MARC country code | xo |
| ISO country code | SK |
| 072 #7 - SUBJECT CATEGORY CODE | |
| Subject category code | 821.162.4-1 |
| Subject category code subdivision | Slovenská poézia |
| Source | konspekt |
| 080 ## - UNIVERSAL DECIMAL CLASSIFICATION NUMBER | |
| Universal Decimal Classification number | 885.4-1 |
| Edition identifier | 1981 |
| 080 ## - UNIVERSAL DECIMAL CLASSIFICATION NUMBER | |
| Universal Decimal Classification number | 821.162.4-1 |
| Edition identifier | 2011 |
| 100 1# - MAIN ENTRY--PERSONAL NAME | |
| Personal name | Fabry, Rudolf, |
| Dates associated with a name | 1915-1982 |
| Relationship | aut |
| 245 10 - TITLE STATEMENT | |
| Title | Odvíjanie času |
| Statement of responsibility, etc. | Rudolf Fábry |
| 260 ## - PUBLICATION, DISTRIBUTION, ETC. | |
| Place of publication, distribution, etc. | Bratislava |
| Name of publisher, distributor, etc. | Slovenský spisovateľ |
| Date of publication, distribution, etc. | 1972 |
| Place of manufacture | Martin |
| Manufacturer | Tlačiarne SNP |
| 300 ## - PHYSICAL DESCRIPTION | |
| Extent | 213 strán |
| Dimensions | 8° |
| 366 ## - TRADE AVAILABILITY INFORMATION | |
| Note | 6000 výtl. |
| 490 1# - SERIES STATEMENT | |
| Series statement | Vybrané spisy Rudolfa Fábryho |
| Volume/sequential designation | zv. 1 |
| 500 ## - GENERAL NOTE | |
| General note | Dokument obsahuje 3 diela |
| 655 07 - INDEX TERM--GENRE/FORM | |
| Genre/form data or focus term | slovenská poézia |
| Source of term | SNKPH |
| 740 02 - ADDED ENTRY--UNCONTROLLED RELATED/ANALYTICAL TITLE | |
| Uncontrolled related/analytical title | Uťaté ruky |
| 740 02 - ADDED ENTRY--UNCONTROLLED RELATED/ANALYTICAL TITLE | |
| Uncontrolled related/analytical title | Vodné hodiny, hodiny piesočné |
| 740 02 - ADDED ENTRY--UNCONTROLLED RELATED/ANALYTICAL TITLE | |
| Uncontrolled related/analytical title | Ja je niekto iný |
| 800 1# - SERIES ADDED ENTRY--PERSONAL NAME | |
| Personal name | Fabry, Rudolf, |
| Dates associated with a name | 1915-1982 |
| Title of a work | Vybrané spisy |
| 942 ## - ADDED ENTRY ELEMENTS (KOHA) | |
| Source of classification or shelving scheme | Dewey Decimal Classification |
| Koha item type | Krásna literatúra pre dospelých |
| Suppress in OPAC | No |
| Stav vyradenia | Strata | Poškodenie | Spôsob nadobudnutia | Domovská knižnica | Aktuálna knižnica | Dátum nadobudnutia | Total checkouts | Čiarový kód exemplára | Date last seen | Typ exemplára |
|---|---|---|---|---|---|---|---|---|---|---|
| Dar | Obecná knižnica Horná Štubňa | Obecná knižnica Horná Štubňa | 28.04.2026 | 4736201869 | 28.04.2026 | Krásna literatúra pre dospelých |
